Start-up není jen prvotní myšlenka, ale i plán
Skvelý tím zaručí dobre odvedenú prácu, ale inovatívny produkt môže prevážiť nad nedostatkom skúseností. Dôležité je rozlíšiť medzi nositeľom myšlienky a CEO start-upu. Ako vyzerá priemerný startupista. Problémy start-upu. Doporučenia pre úspešného startupistu a jeho kľúčové vlastnosti. Analýza.
Na minha lista:
| Autor principal: | |
|---|---|
| Formato: | Capítulo de Livro |
| Idioma: | tcheco |
| Assuntos: | |
| Tags: |
Sem tags, seja o primeiro a adicionar uma tag!
|
MARC
| LEADER | 00000naa a2200000 4500 | ||
|---|---|---|---|
| 001 | 0260652 | ||
| 005 | 20200107091520.5 | ||
| 041 | 0 | |a cze | |
| 044 | |a CZ | ||
| 245 | 1 | 0 | |a Start-up není jen prvotní myšlenka, ale i plán |c Klára Krištofíková |
| 520 | |a Skvelý tím zaručí dobre odvedenú prácu, ale inovatívny produkt môže prevážiť nad nedostatkom skúseností. Dôležité je rozlíšiť medzi nositeľom myšlienky a CEO start-upu. Ako vyzerá priemerný startupista. Problémy start-upu. Doporučenia pre úspešného startupistu a jeho kľúčové vlastnosti. Analýza. | ||
| 610 | 2 | 0 | |a start-up |
| 610 | 2 | 0 | |a podnikanie |
| 610 | 2 | 0 | |a osobnosť |
| 610 | 2 | 0 | |a úspech pracovný |
| 610 | 2 | 0 | |a zdroje ľudské |
| 100 | 1 | |a Krištofíková, Klára | |